000 00823nam a2200253Ia 4500
003 OSt
005 20220923224752.0
006 a|||||r|||| 00| 0
007 ta
008 220922b |||||||| |||| 00| 0 hin d
024 _a249,885
037 _cTextual
040 _aARTS
_cARTS
_bhin
041 _2hin
_ahin
082 _aY:351.2526, 152K9
100 _aपन्त, दुर्गेश, संपा.
245 0 _aशिखरों के स्वर
246 _aShikharoan ke svara
260 _aअलीगढ़
_b शिखर प्रकाशन
_c1969
300 _a100पृ.
_ccm.
650 _aभारतीय-लोक साहित्य
942 _hY:351.2526, 152K9
_cTEXL
_2CC
999 _c373532
_d373532